Conquista del Perú /

Guardado en:
Autor Principal: Alvarez, Eliseo
Formato: Deslizar
Series:América, historia de una conquista
Materias:
Etiquetas: Agregar Etiqueta
Sin Etiquetas, Sea el primero en etiquetar este registro!
LEADER 01004ngm a22002895g 4500
001 CEM.cems022747
008 130507b2005##################0###0#####d
005 20241115140049.0
245 1 0 |a Conquista del Perú /  |c Eliseo Alvarez. 
300 |a 25'. 
490 0 |a América, historia de una conquista 
500 |a En soporte VHS, consultar en ventanilla. 
505 0 |a Organización política, social y económica del Imperio incaico. Pizarro y la conquista del Imperio. Fundación de Lima. Creación del Virreinato del Perú. Encomienda. 
538 |a Soporte: VHS - Norma: Pal N - Color: Si - Grabación DRD 2005 - Hitachi=4250. 
100 1 |a Alvarez, Eliseo 
082 9 8 |/ AME-3 
653 |a AMERICA 
653 |a PERU 
653 |a PIZARRO 
653 |a TUPAC AMARU 
653 |a ATAHUALPA 
653 |a CUZCO 
653 |a ENCOMIENDA 
653 |a LIMA 
653 |a NIVEL PRIMARIO 
653 |a NIVEL SECUNDARIO 
859 |a CEMS  |b BIB. CEMS - Depto. Recursos Didacticos  |h 981  |i AME-3  |k DRD  |p 1390.12  |t Ej.1